000 00635nam a2200205 a 4500
001 000012474
005 20240530073914.0
008 091113s1995 dr 001 0 spa d
040 _aDO-SdBNP
_bspa
_cBNPHU
082 _aRD863.44
_bG491m, 1995
100 1 _aGimbernard, Jacinto Carlos,
_d1931-
_97741
245 1 0 _aMedalaganario /
_cJacinto Carlos Gimbernard.
250 _a3a ed. aum.
260 _aSanto Domingo :
_bTaller,
_c1995.
300 _a186 p. ;
_c21 cm.
590 _aInventariado, 2020 / DG
650 0 _aNovela dominicana
_9223
650 0 _aLiteratura dominicana.
_967
910 _aValidado. Control de calidad MMOLINA
999 _c12130
_d12130